[Event "Württ Kandidatenturnier"]
[Site "Stuttgart"]
[Date "2015.09.01"]
[Round "5.11"]
[White "Ruff, Robert"]
[Black "Schuster, Gerhard"]
[Result "1-0"]
[WhiteElo "1841"]
[BlackElo "2011"]
[PlyCount "67"]
[EventDate "2015.??.??"]
[EventCountry "GER"]
[WhiteTeam "SK Sachsenheim"]
[BlackTeam "SC Feuerbach"]

1. d4 Nf6 2. c4 e6 3. Nc3 Bb4 4. e3 c5 5. Nge2 cxd4 6. exd4 d5 7. a3 Be7 8. Nf4
O-O 9. Be2 dxc4 10. O-O Nbd7 11. Bxc4 Nb6 12. Ba2 Bd7 13. Qd3 Bc6 14. Rd1 Nbd5
15. Qh3 g6 16. Nd3 Nxc3 17. bxc3 Nd5 18. Ne5 Ba4 19. Re1 Qc8 20. Bh6 Re8 21. c4
Nb6 22. Rac1 f6 23. Ng4 Kh8 24. Qf3 f5 25. Ne5 Bf6 26. Qg3 Kg8 27. Nxg6 Kf7 28.
Ne5+ Bxe5 29. Qxe5 Rg8 30. d5 Bd7 31. h4 Rg6 32. Bg5 h6 33. Bf4 Qc5 34. dxe6+
1-0

[Event "Württ Kandidatenturnier"]
[Site "Stuttgart"]
[Date "2015.09.01"]
[Round "5.13"]
[White "Stark, Timo"]
[Black "Offergeld, Detlef"]
[Result "1-0"]
[WhiteElo "1851"]
[BlackElo "1721"]
[PlyCount "121"]
[EventDate "2015.??.??"]
[EventCountry "GER"]
[WhiteTeam "SC Neckarsulm"]
[BlackTeam "SF HN-Biberach"]

1. e4 c5 2. Nf3 d6 3. d4 cxd4 4. Nxd4 Nf6 5. Nc3 a6 6. Be2 Nc6 7. O-O e6 8. Be3
Bd7 9. Kh1 Be7 10. f3 O-O 11. Qd2 Rc8 12. Rfd1 b5 13. a4 Nxd4 14. Bxd4 b4 15.
Nb1 Qa5 16. c3 d5 17. cxb4 Bxb4 18. Bc3 Bxc3 19. Nxc3 dxe4 20. Nxe4 Qe5 21.
Nxf6+ gxf6 22. Bxa6 Rcd8 23. Qe2 Qf4 24. b3 Bc6 25. Qc4 Qxc4 26. Bxc4 Rxd1+ 27.
Rxd1 Rb8 28. Kg1 Kg7 29. Rd6 Bd5 30. Bxd5 exd5 31. Rxd5 Rxb3 32. Rb5 Ra3 33. a5
Ra2 34. h4 Ra4 35. h5 Kh6 36. Kh2 Kg7 37. g4 h6 38. Kg3 Ra2 39. Rf5 Ra3 40. Kf4
Ra4+ 41. Ke3 Ra3+ 42. Kd4 Ra4+ 43. Kc3 Ra1 44. Kb4 Rb1+ 45. Kc5 Rc1+ 46. Kb6
Re1 47. Rc5 Rb1+ 48. Ka7 Rb4 49. a6 Rb3 50. Rc6 Rxf3 51. Kb7 Rb3+ 52. Rb6 Re3
53. a7 Re7+ 54. Ka6 Re1 55. a8=Q Ra1+ 56. Kb7 Re1 57. Qd8 Rf1 58. Rxf6 Rb1+ 59.
Rb6 Rf1 60. g5 Rf6 61. Qxf6+ 1-0

[Event "Württ Kandidatenturnier"]
[Site "Stuttgart"]
[Date "2015.09.01"]
[Round "5.14"]
[White "Mayer, Dietmar"]
[Black "Junginger, Andreas"]
[Result "0-1"]
[WhiteElo "1747"]
[BlackElo "1999"]
[PlyCount "66"]
[EventDate "2015.??.??"]
[EventCountry "GER"]
[WhiteTeam "SC Böblingen"]
[BlackTeam "SV Reutlingen"]

1. Nf3 Nf6 2. c4 e6 3. g3 d5 4. b3 c5 5. Bg2 Nc6 6. O-O Be7 7. e3 O-O 8. d3 d4
9. exd4 Nxd4 10. Bb2 Nc6 11. a3 Qc7 12. Re1 Rd8 13. Nc3 Qd7 14. Bf1 b6 15. Qc2
Bb7 16. Ne4 Nxe4 17. dxe4 Qc7 18. Rad1 e5 19. Bg2 Nd4 20. Nxd4 cxd4 21. Ra1 b5
22. Rec1 Rac8 23. Qd3 bxc4 24. Rxc4 Qb6 25. Rxc8 Rxc8 26. Rc1 Rxc1+ 27. Bxc1
Qc6 28. Qd2 h6 29. Qb2 d3 30. f3 Bc5+ 31. Kf1 Bd4 32. Qd2 Bc3 33. Qxd3 Ba6 0-1

[Event "Württ Kandidatenturnier"]
[Site "Stuttgart"]
[Date "2015.09.01"]
[Round "5.15"]
[White "Schreiber, Hans"]
[Black "Klaiß, Thomas"]
[Result "0-1"]
[WhiteElo "1892"]
[BlackElo "1979"]
[PlyCount "52"]
[EventDate "2015.??.??"]
[EventCountry "GER"]
[WhiteTeam "SV Dicker Turm Esslingen"]
[BlackTeam "SF Dornstetten-Pfalzgrafenweiler"]

1. Nf3 Nf6 2. c4 c5 3. g3 g6 4. Bg2 Bg7 5. O-O Nc6 6. d3 O-O 7. Nc3 d6 8. a3
Rb8 9. Rb1 a5 10. Bd2 Bd7 11. e3 Bg4 12. Qc2 Re8 13. h3 Bf5 14. Nh4 Bd7 15. f4
Nh5 16. Be1 f5 17. Bf2 e5 18. Bd5+ Kh8 19. Nf3 h6 20. Nh4 g5 21. Ng2 Nf6 22.
Bf7 Rf8 23. Bg6 Ne7 24. fxg5 hxg5 25. h4 Nxg6 26. hxg5 Ng4 0-1

[Event "Württ Kandidatenturnier"]
[Site "Stuttgart"]
[Date "2015.09.01"]
[Round "5.16"]
[White "Tölg, Wolfgang"]
[Black "Imhof, Thomas"]
[Result "0-1"]
[WhiteElo "1691"]
[BlackElo "1950"]
[PlyCount "40"]
[EventDate "2015.??.??"]
[EventCountry "GER"]
[WhiteTeam "SF Oeffingen"]
[BlackTeam "SGem Vaihingen-Rohr"]

1. e4 {[%emt 0:00:00]} c5 {[%emt 0:00:00]} 2. Nf3 d6 3. d4 cxd4 4. Nxd4 Nf6 5.
Nc3 a6 6. Be3 Ng4 7. Bg5 h6 8. Bh4 g5 9. Bg3 Bg7 10. h3 Ne5 11. Be2 Nbc6 12.
Nxc6 bxc6 13. Qd2 O-O 14. f4 gxf4 15. Bxf4 Kh7 16. O-O-O Qa5 17. a3 Be6 18. Nb1
Qb6 19. Be3 Nc4 20. Bd4 Qxb2+ 0-1

[Event "Württ Kandidatenturnier"]
[Site "Stuttgart"]
[Date "2015.09.01"]
[Round "5.17"]
[White "Mierzwa, Robert"]
[Black "Yi, Danny"]
[Result "1/2-1/2"]
[WhiteElo "1900"]
[BlackElo "1745"]
[PlyCount "129"]
[EventDate "2015.??.??"]
[EventCountry "GER"]
[WhiteTeam "SC Weiße Dame Ulm"]
[BlackTeam "SF Kornwestheim"]

1. d4 Nf6 2. c4 g6 3. Nf3 Bg7 4. g3 O-O 5. Bg2 c5 6. d5 d6 7. Nc3 Bg4 8. Nd2
Qb6 9. O-O e5 10. h3 Bc8 11. Rb1 Nbd7 12. e4 Qd8 13. a3 Nb6 14. b4 Nfd7 15. Qc2
f5 16. Nb5 Nf6 17. bxc5 dxc5 18. Nc3 f4 19. Ne2 f3 20. Bxf3 Bxh3 21. Bg2 Bxg2
22. Kxg2 Ng4 23. Qd3 Qd7 24. f3 Nf6 25. Nb3 Rac8 26. Be3 Qd6 27. Nc3 a6 28.
Nxc5 Rxc5 29. Rxb6 Qxb6 30. Na4 Qa5 31. Nxc5 b6 32. Ne6 Rc8 33. Rb1 Nd7 34. Bd2
Qa4 35. Rb4 Qa5 36. Kf2 Bf8 37. Nxf8 Kxf8 38. Be3 Kg8 39. Qb3 Nc5 40. Bxc5
Qxc5+ 41. Qe3 b5 42. Qxc5 Rxc5 43. cxb5 axb5 44. Rb3 Kf7 45. Ke3 Kf6 46. f4 h5
47. d6 exf4+ 48. gxf4 Ke6 49. Rd3 Rc8 50. Kf3 Rd8 51. e5 g5 52. Ke4 gxf4 53.
Kxf4 Rf8+ 54. Ke4 Ra8 55. Kf4 Rf8+ 56. Ke4 Ra8 57. d7 Rd8 58. Rd6+ Ke7 59. Rb6
Rxd7 60. Rxb5 Ra7 61. Rb3 Ke6 62. Rb6+ Ke7 63. Rh6 Rxa3 64. Rxh5 Ra1 65. Kf5
1/2-1/2

[Event "Württ Kandidatenturnier"]
[Site "Stuttgart"]
[Date "2015.09.01"]
[Round "5.18"]
[White "Engelhardt, Frank"]
[Black "Schömbs, Oliver"]
[Result "1-0"]
[WhiteElo "1794"]
[BlackElo "1917"]
[PlyCount "85"]
[EventDate "2015.??.??"]
[EventCountry "GER"]
[WhiteTeam "SC Botnang"]
[BlackTeam "SC Ingersheim"]

1. d4 c5 2. c3 e6 3. Nf3 d5 4. Bf4 Nc6 5. e3 Nf6 6. Nbd2 Be7 7. h3 cxd4 8. exd4
a6 9. Bd3 b5 10. O-O Bb7 11. Re1 h6 12. Qe2 O-O 13. Ne5 Ra7 14. Ndf3 Qc8 15.
Bc2 Na5 16. Nd2 b4 17. Qd3 Nc4 18. Ndxc4 dxc4 19. Nxc4 bxc3 20. bxc3 Qc6 21.
Ne3 Rc8 22. c4 Bb4 23. d5 Qd7 24. Reb1 Bc5 25. Ng4 Nxg4 26. Qh7+ Kf8 27. hxg4
Bd4 28. dxe6 fxe6 29. Be3 Bxe3 30. fxe3 Qd2 31. Rf1+ Ke8 32. Qg8+ Kd7 33. Qxg7+
Kc6 34. Be4+ Kb6 35. Bxb7 Qxe3+ 36. Kh1 Rxc4 37. Rab1+ Ka5 38. Rfe1 Qf2 39. Qe7
Qd4 40. Qxe6 Qf2 41. Qxc4 Rxb7 42. Re5+ Rb5 43. Rexb5+ 1-0

[Event "Württ Kandidatenturnier"]
[Site "Stuttgart"]
[Date "2015.09.01"]
[Round "5.19"]
[White "Bauer, Dieter"]
[Black "Freiherr von Hauff, Christopher V"]
[Result "0-1"]
[WhiteElo "1704"]
[BlackElo "1858"]
[PlyCount "44"]
[EventDate "2015.??.??"]
[EventCountry "GER"]
[WhiteTeam "SF Kornwestheim"]
[BlackTeam "SK Bebenhausen"]

1. c4 e5 2. g3 f5 3. Bg2 Nf6 4. d3 Bc5 5. Nf3 d6 6. Nc3 O-O 7. O-O Nc6 8. a3 h6
9. b4 Bb6 10. Nd2 a5 11. b5 Nd4 12. Bb2 Qe8 13. e3 Ne6 14. Nd5 Nxd5 15. Bxd5
Qg6 16. Bg2 f4 17. Qe2 Ng5 18. Kh1 Bf5 19. Bd5+ Kh8 20. e4 Bh3 21. Rfc1 f3 22.
Qe1 Bg2+ 0-1

[Event "Württ Kandidatenturnier"]
[Site "Stuttgart"]
[Date "2015.09.01"]
[Round "5.20"]
[White "Langjahr, Marius"]
[Black "Nam, Seung-Zin"]
[Result "1-0"]
[WhiteElo "1784"]
[BlackElo "1608"]
[PlyCount "92"]
[EventDate "2015.??.??"]
[EventCountry "GER"]
[WhiteTeam "SK Sachsenheim"]
[BlackTeam "SK Bebenhausen"]

1. d4 g6 2. c4 Bg7 3. Nc3 c5 4. Nf3 cxd4 5. Nxd4 Nc6 6. e3 Nf6 7. Be2 d6 8. O-O
O-O 9. Bf3 Ne5 10. Be2 a6 11. f4 Neg4 12. h3 Nh6 13. e4 e5 14. fxe5 dxe5 15.
Nf3 Qe7 16. Bg5 Qc5+ 17. Kh1 Nh5 18. Qe1 f5 19. Nd2 Nf7 20. Nb3 Qa7 21. Be7 Nf4
22. Bc5 b6 23. Bxf8 Bxf8 24. Nd5 Nxe2 25. Qxe2 f4 26. Rfd1 Kg7 27. Qf2 Rb8 28.
a4 a5 29. Rac1 Bd7 30. Nc3 Nd6 31. Qe2 Be6 32. Nd2 Qe7 33. b3 Qh4 34. Nf3 Qh5
35. Ng1 Qg5 36. Nd5 h5 37. Qf2 Nxe4 38. Qf3 Ng3+ 39. Kh2 Bg4 40. hxg4 hxg4 41.
Nh3 Qh4 42. Qc3 Re8 43. Ndxf4 Bb4 44. Qxg3 Qxg3+ 45. Kxg3 exf4+ 46. Nxf4 Re3+
1-0

[Event "Württ Kandidatenturnier"]
[Site "Stuttgart"]
[Date "2015.09.03"]
[Round "6.1"]
[White "Maisch, Julian"]
[Black "Andreev, Vlad"]
[Result "1-0"]
[WhiteElo "2042"]
[BlackElo "2046"]
[PlyCount "59"]
[EventDate "2015.??.??"]
[EventCountry "GER"]
[WhiteTeam "SF Kornwestheim"]
[BlackTeam "SF Pfullingen"]

1. e4 c6 2. d4 d5 3. e5 c5 4. dxc5 e6 5. Be3 Nh6 6. c3 Nd7 7. Qa4 Nf5 8. Bd4
Qc7 9. b4 f6 10. f4 g5 11. Nf3 Kf7 12. Bd3 g4 13. Bxf5 gxf3 14. Bh3 fxe5 15.
fxe5 Nxe5 16. O-O Bg7 17. Nd2 Bd7 18. Qc2 Ke7 19. Nxf3 Raf8 20. Nxe5 Bxe5 21.
Rxf8 Bxh2+ 22. Kh1 Rxf8 23. Qxh7+ Rf7 24. Qh4+ Kf8 25. Qh8+ Ke7 26. Bg4 Qf4 27.
c6 Qxg4 28. Bc5+ Bd6 29. Bxd6+ Kxd6 30. cxb7 1-0

[Event "Württ Kandidatenturnier"]
[Site "Stuttgart"]
[Date "2015.09.03"]
[Round "6.2"]
[White "Klaus, Dominik"]
[Black "Wendler, Werner"]
[Result "1/2-1/2"]
[WhiteElo "1980"]
[BlackElo "2056"]
[PlyCount "53"]
[EventDate "2015.??.??"]
[EventCountry "GER"]
[WhiteTeam "Ssg Fils-Lauter"]
[BlackTeam "SK Bebenhausen"]

1. d4 Nf6 2. c4 c5 3. Nf3 cxd4 4. Nxd4 Nc6 5. Nc3 g6 6. e4 d6 7. Be2 Bg7 8. Be3
O-O 9. f3 Nd7 10. Qd2 Nc5 11. O-O Nxd4 12. Bxd4 Bxd4+ 13. Qxd4 Bd7 14. f4 Na4
15. Nd5 Bc6 16. b3 Bxd5 17. Qxd5 Nc3 18. Qd3 Nxe2+ 19. Qxe2 Qa5 20. Rf3 Rab8
21. f5 Qe5 22. Raf1 b5 23. Kh1 bxc4 24. fxg6 hxg6 25. Qxc4 Rbc8 26. Qd3 Rc5 27.
h3 1/2-1/2

[Event "Württ Kandidatenturnier"]
[Site "Stuttgart"]
[Date "2015.09.03"]
[Round "6.3"]
[White "Kolb, Roland"]
[Black "Mareck, Sascha"]
[Result "0-1"]
[WhiteElo "2007"]
[BlackElo "2165"]
[PlyCount "64"]
[EventDate "2015.??.??"]
[EventCountry "GER"]
[WhiteTeam "SF Oeffingen"]
[BlackTeam "SV Nürtingen"]

1. c4 Nf6 2. Nc3 g6 3. e4 d6 4. Be2 Bg7 5. Nf3 O-O 6. O-O c5 7. d3 Nc6 8. Ne1
Ne8 9. f4 f5 10. Nc2 Nc7 11. Kh1 Ne6 12. exf5 gxf5 13. Qe1 Ned4 14. Nxd4 Nxd4
15. Rb1 e6 16. Be3 a6 17. Bf3 Nxf3 18. Rxf3 Bd7 19. Rg3 Rf7 20. d4 Qe7 21. dxc5
dxc5 22. Qf2 Rc8 23. Rd1 Kh8 24. Qd2 b5 25. b3 Bc6 26. Bf2 Qf6 27. Bxc5 Rd7 28.
Qf2 Rxd1+ 29. Nxd1 Rd8 30. Nc3 Qxc3 31. Rxc3 Rd1+ 32. Qg1 Rxg1+ 0-1

[Event "Württ Kandidatenturnier"]
[Site "Stuttgart"]
[Date "2015.09.03"]
[Round "6.4"]
[White "Kunert, Günter"]
[Black "Löwe, Joachim"]
[Result "1-0"]
[WhiteElo "2040"]
[BlackElo "1936"]
[PlyCount "99"]
[EventDate "2015.??.??"]
[EventCountry "GER"]
[WhiteTeam "SV Dicker Turm Esslingen"]
[BlackTeam "SK Schmiden/Cannstatt"]

1. e4 c6 2. d4 d6 3. Nc3 b5 4. f4 b4 5. Na4 Ba6 6. Bxa6 Nxa6 7. Qd3 Qa5 8. b3
Qb5 9. Bd2 Nf6 10. Nb2 d5 11. exd5 Qxd3 12. Nxd3 Nxd5 13. Nf3 e6 14. O-O Bd6
15. Rfc1 O-O 16. Nfe5 c5 17. dxc5 Bxe5 18. fxe5 Rfc8 19. Be1 Nxc5 20. Nxb4 Nf4
21. Kf1 a5 22. Bg3 Nxg2 23. Kxg2 axb4 24. Be1 Rcb8 25. Rd1 Ne4 26. Rd4 Nc3 27.
Bxc3 bxc3 28. Rc4 Ra5 29. a4 Rxe5 30. Rxc3 Rd8 31. Rd3 Rg5+ 32. Kf3 Rc8 33.
Rad1 h5 34. Rd8+ Rxd8 35. Rxd8+ Kh7 36. b4 Rf5+ 37. Ke3 g5 38. a5 Rf1 39. a6
Ra1 40. b5 g4 41. b6 Rxa6 42. b7 Rb6 43. b8=Q Rxb8 44. Rxb8 e5 45. c4 f5 46. c5
h4 47. c6 f4+ 48. Ke4 g3 49. c7 gxh2 50. Rb1 1-0

[Event "Württ Kandidatenturnier"]
[Site "Stuttgart"]
[Date "2015.09.03"]
[Round "6.5"]
[White "Quernheim, Daniel"]
[Black "Zeyher, Marius"]
[Result "1-0"]
[WhiteElo "2035"]
[BlackElo "1918"]
[PlyCount "55"]
[EventDate "2015.??.??"]
[EventCountry "GER"]
[WhiteTeam "SC Botnang"]
[BlackTeam "SpVgg Rommelshausen"]

1. d4 Nf6 2. c4 g6 3. f3 d5 4. cxd5 Nxd5 5. e4 Nb6 6. Nc3 Bg7 7. Be3 O-O 8. Qd2
Nc6 9. O-O-O f5 10. e5 Nb4 11. Nh3 Be6 12. Kb1 Nc4 13. Qc1 Nxe3 14. Qxe3 Nd5
15. Nxd5 Qxd5 16. b3 Qa5 17. d5 Rfd8 18. Nf4 Bh6 19. Bc4 Bxf4 20. Qxf4 Bxd5 21.
h4 Qc5 22. Rxd5 Rxd5 23. h5 Rf8 24. Qh6 Rf7 25. hxg6 Rg7 26. gxh7+ Kh8 27. Qe6
Rd8 28. Qg8+ 1-0

[Event "Württ Kandidatenturnier"]
[Site "Stuttgart"]
[Date "2015.09.03"]
[Round "6.6"]
[White "Heer, Till"]
[Black "Pflaum, Stefan"]
[Result "0-1"]
[WhiteElo "1912"]
[BlackElo "2064"]
[PlyCount "72"]
[EventDate "2015.??.??"]
[EventCountry "GER"]
[WhiteTeam "SF Kornwestheim"]
[BlackTeam "SC Botnang"]

1. e4 e5 2. Nf3 Nc6 3. Bc4 Nf6 4. Ng5 d5 5. exd5 Na5 6. Bb5+ Bd7 7. Qe2 Be7 8.
Nc3 O-O 9. O-O Bxb5 10. Qxb5 c6 11. dxc6 Nxc6 12. Re1 Nb4 13. Qa4 Ng4 14. Re4
f5 15. Qb3+ Kh8 16. Rxg4 fxg4 17. Ne6 Qb6 18. Nxf8 Rxf8 19. Ne4 Bc5 20. Nxc5
Qxc5 21. d4 exd4 22. Bd2 Nxc2 23. Rf1 b5 24. Qd3 Qc4 25. Qe4 d3 26. Qe7 Qf7 27.
Qd6 Qf5 28. Bc3 h5 29. Qe7 Rf7 30. Qd8+ Kh7 31. Qb8 Ne3 32. Bd4 Nxf1 33. Kxf1
d2 34. Ke2 Qe4+ 35. Be3 Rxf2+ 36. Kd1 Qxe3 0-1

[Event "Württ Kandidatenturnier"]
[Site "Stuttgart"]
[Date "2015.09.03"]
[Round "6.7"]
[White "Petzelberger, Ferdinand"]
[Black "Wendler, David"]
[Result "1-0"]
[WhiteElo "1934"]
[BlackElo "1857"]
[PlyCount "111"]
[EventDate "2015.??.??"]
[EventCountry "GER"]
[WhiteTeam "VfL Sindelfingen"]
[BlackTeam "SK Bebenhausen"]

1. d4 Nf6 2. c4 e6 3. Nf3 b6 4. g3 Bb7 5. Bg2 d5 6. Ne5 Bd6 7. Qa4+ Nfd7 8. Nc3
Bxe5 9. dxe5 Bc6 10. Qd1 dxc4 11. Bxc6 Nxc6 12. f4 Nc5 13. Be3 Qe7 14. Na4 Rd8
15. Qc2 Nxa4 16. Qxa4 Qb4+ 17. Qxb4 Nxb4 18. Rc1 b5 19. a3 Nc6 20. b3 Na5 21.
bxc4 Nxc4 22. Bxa7 Ra8 23. Bc5 Kd7 24. Kf2 Kc6 25. Bb4 Kb6 26. Rhd1 c5 27. Rd6+
Nxd6 28. Bxc5+ Ka5 29. exd6 Rad8 30. Bb4+ Ka4 31. Rc7 Rhf8 32. d7 Rg8 33. Ke3
Ra8 34. Kd4 f6 35. Kc5 Ra6 36. Rc8 Ra8 37. Rxg8 Rxg8 38. Kd6 Kb3 39. Kxe6 Kc4
40. Ke7 Kd4 41. d8=Q+ Rxd8 42. Kxd8 Ke3 43. Ke7 Kxe2 44. Kf7 Kf3 45. Kxg7 Kg2
46. Kxf6 Kxh2 47. Kg5 Kxg3 48. f5 h5 49. f6 h4 50. f7 h3 51. f8=Q Kg2 52. Qa8+
Kg1 53. Bc5+ Kh2 54. Qf3 b4 55. Qf2+ Kh1 56. Qg1# 1-0

[Event "Württ Kandidatenturnier"]
[Site "Stuttgart"]
[Date "2015.09.03"]
[Round "6.8"]
[White "Klaus, Daniel"]
[Black "Stark, Timo"]
[Result "1/2-1/2"]
[WhiteElo "1933"]
[BlackElo "1851"]
[PlyCount "38"]
[EventDate "2015.??.??"]
[EventCountry "GER"]
[WhiteTeam "SC Feuerbach"]
[BlackTeam "SC Neckarsulm"]

1. e4 e5 2. Nf3 Nc6 3. Bb5 Nge7 4. O-O g6 5. c3 Bg7 6. d4 exd4 7. cxd4 O-O 8.
h3 a6 9. Ba4 b5 10. Bb3 Bb7 11. Nc3 d6 12. Bg5 Qd7 13. Qd3 Rad8 14. Nd5 Nxd5
15. Bxd8 Nf4 16. Qe3 Nxd4 17. Nxd4 Bxd4 18. Qxf4 Qxd8 19. Qd2 Qf6 1/2-1/2

[Event "Württ Kandidatenturnier"]
[Site "Stuttgart"]
[Date "2015.09.03"]
[Round "6.9"]
[White "Holzinger, Eugen"]
[Black "Ruff, Robert"]
[Result "1-0"]
[WhiteElo "2065"]
[BlackElo "1841"]
[PlyCount "65"]
[EventDate "2015.??.??"]
[EventCountry "GER"]
[WhiteTeam "SF HN-Biberach"]
[BlackTeam "SK Sachsenheim"]

1. Nf3 d5 2. c4 c6 3. b3 Bg4 4. Bb2 Nd7 5. e3 Ngf6 6. Be2 Qc7 7. Nc3 e6 8. O-O
Bd6 9. h3 h5 10. Rc1 a6 11. d4 Bxf3 12. Bxf3 Qb8 13. e4 dxe4 14. Nxe4 Nxe4 15.
Bxe4 Nf6 16. Qf3 Bh2+ 17. Kh1 Bf4 18. Rcd1 g5 19. g3 Bd6 20. Qxf6 Rg8 21. Bh7
Rf8 22. Rfe1 Kd7 23. d5 exd5 24. Bf5+ Kc7 25. c5 Qd8 26. Qxd6+ Qxd6 27. cxd6+
Kxd6 28. Be5+ Kc5 29. Rc1+ Kb4 30. Bd6+ Ka5 31. Re7 b5 32. b4+ Ka4 33. Rc3 1-0

[Event "Württ Kandidatenturnier"]
[Site "Stuttgart"]
[Date "2015.09.03"]
[Round "6.10"]
[White "Meier, Michael"]
[Black "Bangert, Udo"]
[Result "1-0"]
[WhiteElo "2013"]
[BlackElo "1917"]
[PlyCount "121"]
[EventDate "2015.??.??"]
[EventCountry "GER"]
[WhiteTeam "SSV Zuffenhausen"]
[BlackTeam "SC Grunbach"]

1. d4 Nf6 2. c4 e6 3. Nc3 Bb4 4. Qc2 O-O 5. a3 Bxc3+ 6. Qxc3 Ne4 7. Qc2 f5 8.
Nf3 b6 9. g3 Bb7 10. Bg2 Qe7 11. O-O c6 12. Bf4 d6 13. Rfd1 Nd7 14. b4 g5 15.
Bc1 Rf7 16. Bb2 Ndf6 17. c5 Rg7 18. cxd6 Qxd6 19. Ne5 g4 20. Rac1 Rc8 21. Qb3
Nd5 22. Qd3 Ng5 23. Qd2 Rf8 24. Rc2 h5 25. Rdc1 f4 26. Qd3 fxg3 27. Qxg3 Nh3+
28. Kf1 Rxf2+ 29. Ke1 Qf8 30. Bxh3 Rxe2+ 31. Kxe2 Nf4+ 32. Ke3 Nxh3 33. Nxc6
Rd7 34. Ne5 Qh6+ 35. Ke2 Nf4+ 36. Kf1 Ba6+ 37. Kf2 Nh3+ 38. Kg2 Bb7+ 39. Kf1
Ba6+ 40. Ke1 Rd8 41. Nxg4 hxg4 42. Qxg4+ Ng5 43. Rg2 Rd5 44. h4 Rf5 45. hxg5
Qh1+ 46. Rg1 Rf1+ 47. Kd2 Qh2+ 48. Kc3 Qc7+ 49. Kd2 Qh2+ 50. Ke3 Qf2+ 51. Ke4
Bb7+ 52. Ke5 Qe3+ 53. Kd6 Rf5 54. Rge1 Qf2 55. Re5 Qxb2 56. Rc7 Rxe5 57. dxe5
Qd2+ 58. Ke7 Bd5 59. Rc8+ Kg7 60. Qh5 Qg2 61. Qh6# 1-0

[Event "Württ Kandidatenturnier"]
[Site "Stuttgart"]
[Date "2015.09.03"]
[Round "6.11"]
[White "Junginger, Andreas"]
[Black "Lüdke, Joshua"]
[Result "1/2-1/2"]
[WhiteElo "1999"]
[BlackElo "1823"]
[PlyCount "108"]
[EventDate "2015.??.??"]
[EventCountry "GER"]
[WhiteTeam "SV Reutlingen"]
[BlackTeam "SV Marbach"]

1. e4 e6 2. d3 d5 3. Nd2 c5 4. Ngf3 Nc6 5. g3 Nf6 6. Bg2 Be7 7. O-O O-O 8. Re1
b5 9. e5 Nd7 10. Nf1 f6 11. exf6 Nxf6 12. Bh3 e5 13. Bxc8 Qxc8 14. Nxe5 Nxe5
15. Rxe5 Bd6 16. Re2 Qh3 17. f4 Rae8 18. Bd2 c4 19. Rxe8 Rxe8 20. Qf3 Bc5+ 21.
Kh1 h5 22. Re1 Rxe1 23. Bxe1 Qe6 24. Bd2 d4 25. Kg2 cxd3 26. Qxd3 Qxa2 27. Qb3+
Qxb3 28. cxb3 Kf7 29. Kf3 Ke6 30. h3 Kd5 31. g4 hxg4+ 32. hxg4 Ne4 33. f5 Be7
34. Bf4 Ng5+ 35. Ke2 Ke4 36. Bb8 d3+ 37. Kd1 a6 38. Nd2+ Ke3 39. Nf1+ Kf3 40.
Nh2+ Kg2 41. Kd2 Nf3+ 42. Nxf3 Kxf3 43. Be5 Kxg4 44. Bxg7 Kxf5 45. Kxd3 Bc5 46.
Bd4 Bd6 47. Bc3 Ke6 48. b4 Kd5 49. b3 Be7 50. Bd2 Bf6 51. Be1 Bb2 52. Bd2 Ke5
53. Be3 Kd5 54. Bd2 Be5 1/2-1/2

[Event "Württ Kandidatenturnier"]
[Site "Stuttgart"]
[Date "2015.09.03"]
[Round "6.12"]
[White "Klaiß, Thomas"]
[Black "Zimmermann, Tobias"]
[Result "1-0"]
[WhiteElo "1979"]
[BlackElo "1804"]
[PlyCount "67"]
[EventDate "2015.??.??"]
[EventCountry "GER"]
[WhiteTeam "SF Dornstetten-Pfalzgrafenweiler"]
[BlackTeam "SC Botnang"]

1. b3 e5 2. Bb2 d6 3. g3 g6 4. f4 Bg7 5. fxe5 dxe5 6. Bg2 Ne7 7. Nf3 Nbc6 8. d3
Nf5 9. e4 Ne3 10. Qe2 Bh6 11. h3 Nd4 12. Nxd4 exd4 13. Na3 Qg5 14. Kf2 Qf6+ 15.
Kg1 Qe5 16. Nc4 Nxc4 17. bxc4 c5 18. Kh2 O-O 19. Rae1 Bd7 20. Rhf1 Rab8 21. Rb1
f5 22. Bf3 f4 23. g4 Bg5 24. Qe1 h5 25. c3 hxg4 26. hxg4 Kf7 27. Rh1 Bh4 28.
cxd4 cxd4 29. Qg1 Rh8 30. Kg2 Qg5 31. Kf1 Qa5 32. Qxd4 Qd2 33. Qxd7+ Kg8 34.
Qg7# 1-0

[Event "Württ Kandidatenturnier"]
[Site "Stuttgart"]
[Date "2015.09.03"]
[Round "6.13"]
[White "Siegle, Florian"]
[Black "Imhof, Thomas"]
[Result "0-1"]
[WhiteElo "1944"]
[BlackElo "1950"]
[PlyCount "78"]
[EventDate "2015.??.??"]
[EventCountry "GER"]
[WhiteTeam "Stuttgarter SF"]
[BlackTeam "SGem Vaihingen-Rohr"]

1. d4 Nf6 2. Bg5 e6 3. e4 h6 4. Bxf6 Qxf6 5. e5 Qd8 6. Nc3 Bb4 7. Nf3 c5 8. a3
Bxc3+ 9. bxc3 Qa5 10. Qd2 O-O 11. Bd3 Nc6 12. Ke2 b6 13. Rhb1 Ba6 14. a4 cxd4
15. cxd4 Qxd2+ 16. Kxd2 Bxd3 17. Kxd3 f6 18. Ke3 Ne7 19. c4 Rac8 20. Kd3 fxe5
21. dxe5 Ng6 22. Kc3 Rf4 23. Rb4 Ne7 24. Kd3 Nd5 25. Rb3 Rfxc4 26. g3 Nb4+ 27.
Ke2 Nc2 28. Rd1 R8c7 29. Rbd3 Rxa4 30. Rxd7 Rxd7 31. Rxd7 Ra2 32. Kf1 a5 33. h4
b5 34. h5 b4 35. Nh4 Kf8 36. Ng6+ Ke8 37. Rxg7 b3 38. Rb7 b2 39. Kg2 Nb4 0-1

[Event "Württ Kandidatenturnier"]
[Site "Stuttgart"]
[Date "2015.09.03"]
[Round "6.14"]
[White "Schuster, Gerhard"]
[Black "Langjahr, Marius"]
[Result "1/2-1/2"]
[WhiteElo "2011"]
[BlackElo "1784"]
[PlyCount "83"]
[EventDate "2015.??.??"]
[EventCountry "GER"]
[WhiteTeam "SC Feuerbach"]
[BlackTeam "SK Sachsenheim"]

1. e4 e6 2. d4 d5 3. Nc3 Bb4 4. e5 Ne7 5. a3 Bxc3+ 6. bxc3 b6 7. a4 a5 8. Ba3
Ba6 9. Qg4 Ng6 10. Nf3 Bxf1 11. Kxf1 Nd7 12. h4 h5 13. Qg3 c5 14. Ng5 Qe7 15.
Kg1 O-O-O 16. Rb1 Kc7 17. Rb5 Kc6 18. Kh2 Rb8 19. Rhb1 f6 20. Nf3 Qf7 21. c4
fxe5 22. cxd5+ exd5 23. c4 Qf4 24. cxd5+ Kxd5 25. dxc5 Qxg3+ 26. Kxg3 bxc5 27.
Rd1+ Kc6 28. Rxa5 Ra8 29. Rb5 Rxa4 30. Rb3 Rha8 31. Rbd3 Ngf8 32. Bb2 Rg4+ 33.
Kh3 Re8 34. Ng5 Re7 35. Ra3 Nb6 36. f3 Rb4 37. Bc1 Rd4 38. Re1 Ng6 39. Be3
Rxh4+ 40. Kg3 Ra4 41. Rc3 Rc4 42. Ra3 1/2-1/2

[Event "Württ Kandidatenturnier"]
[Site "Stuttgart"]
[Date "2015.09.03"]
[Round "6.15"]
[White "Engelhardt, Frank"]
[Black "Mierzwa, Robert"]
[Result "1-0"]
[WhiteElo "1794"]
[BlackElo "1900"]
[PlyCount "109"]
[EventDate "2015.??.??"]
[EventCountry "GER"]
[WhiteTeam "SC Botnang"]
[BlackTeam "SC Weiße Dame Ulm"]

1. d4 Nf6 2. Nf3 g6 3. Bf4 Bg7 4. e3 O-O 5. h3 c5 6. Nbd2 d6 7. Bd3 Nc6 8. a3
cxd4 9. exd4 e5 10. dxe5 dxe5 11. Bg5 Re8 12. O-O h6 13. Bxf6 Bxf6 14. Ne4 Bg7
15. Bb5 Qb6 16. Qe2 Rd8 17. Rad1 Be6 18. c3 Ne7 19. b4 Nd5 20. c4 Nf4 21. Qe3
Qc7 22. c5 a6 23. Ba4 Bc4 24. Rfe1 Nd3 25. Re2 f5 26. Nd6 Rxd6 27. cxd6 Qxd6
28. Bb3 Bxb3 29. Rxd3 Bd5 30. Nxe5 Re8 31. f4 g5 32. g3 Qe6 33. Red2 Bxe5 34.
fxe5 Be4 35. Rd6 Qxe5 36. Rxh6 f4 37. Qd4 Kg7 38. Rd6 fxg3 39. Re2 Qxd4+ 40.
Rxd4 Bc6 41. Rxe8 Bxe8 42. Rg4 Kf6 43. Rxg3 Kf5 44. Kf2 Bc6 45. Ke3 Bd5 46. Kd4
Bc6 47. Kc5 Kf4 48. Rc3 Bg2 49. a4 Bc6 50. a5 Ke5 51. Kb6 Bh1 52. b5 axb5 53.
Kxb5 Kf5 54. Kb6 g4 55. Rc5+ 1-0

[Event "Württ Kandidatenturnier"]
[Site "Stuttgart"]
[Date "2015.09.03"]
[Round "6.17"]
[White "Yi, Danny"]
[Black "Baumeister, Jürgen"]
[Result "1-0"]
[WhiteElo "1745"]
[BlackElo "1823"]
[PlyCount "59"]
[EventDate "2015.??.??"]
[EventCountry "GER"]
[WhiteTeam "SF Kornwestheim"]
[BlackTeam "SC Asperg"]

1. e4 {[%emt 0:00:00]} e6 {[%emt 0:00:00]} 2. d4 {[%emt 0:00:01]} c5 3. dxc5
Bxc5 4. Nf3 Qb6 5. Qe2 d6 6. g3 Bd7 7. Nc3 a6 8. Bg2 Ne7 9. O-O O-O 10. Rb1 a5
11. Bf4 Ng6 12. Bd2 Nc6 13. Na4 Nd4 14. Nxd4 Bxa4 15. Nb3 Ne5 16. Nxc5 dxc5 17.
b3 Bb5 18. c4 Ba6 19. Bc3 Qc7 20. Qh5 Ng6 21. f4 f5 22. Rfe1 Ne7 23. Qg5 Rf7
24. exf5 exf5 25. Rbd1 Raf8 26. Be5 h6 27. Qh5 Qc8 28. Bd6 Nc6 29. Bd5 Nb4 30.
Be6 1-0